|
|
|
|
| LEADER |
00000nam a22000007a 4500 |
| 005 |
20220817010143.0 |
| 007 |
cr|||| |||| |
| 008 |
220817s2021 br |||||s|||| 00||0 por d |
| 020 |
|
|
|a 978658935147-4
|
| 035 |
|
|
|a 36836
|
| 040 |
|
|
|a vLex
|
| 090 |
|
|
|c 13714
|d 13714
|
| 100 |
1 |
|
|a de Moraes Mello, Cleyson
|
| 245 |
1 |
2 |
|a Os direitos da personalidade ̉luz dos novos paradigmas jurd̕ico-metodolg̤icos
|h [Recurso electrn̤ico] /
|c Cleyson de Moraes Mello, Nuno Manuel Morgadinho dos Santos Coelho, Layni Batista Longo, Gabriela de Carvalho A. Lopes
|n Volume 2
|
| 256 |
|
|
|a Servicio en ln̕ea
|
| 260 |
|
|
|a Rio de Janeiro:
|b Editora Processo,
|c 2021
|
| 300 |
|
|
|a 1 recurso electrn̤ico
|
| 500 |
|
|
|a Esta obra ̌fruto dos trabalhos desenvolvidos pelos discentes, na disciplina de direitos da personalidade, ministrada pelo Professor Doutor Cleyson de Moraes Mello, no CURSO DE PÓS-GRADUAß©O – LATO SENSU ESPECIALIZAß©O EM “DIREITO CIVIL: NOVOS PARADIGMAS HERMENÊUTICOS NAS RELAßÕES PRIVADAS”, DA FACULDADE DE DIREITO DE RIBEIR©O PRETO DA UNIVERSIDADE DE S©O PAULO, coordenado pelos professores, Nuno Manuel Morgadinho Coelho dos Santos e Iara Pereira Ribeiro.
|
| 506 |
1 |
|
|a Disponible solo en los productos indicados
|d vLex Global
|d vLex Global (Academic Edition, excluding Law Schools)
|d vLex Global (U.S. Academic Edition, Law Schools)
|d vLex Global (U.S. Academic Edition, excluding Law Schools)
|d vLex Global (Academic Edition, Law Schools)
|
| 650 |
0 |
4 |
|a Derecho Civil
|z Brasil
|
| 650 |
0 |
4 |
|a Persona
|z Brasil
|
| 700 |
1 |
|
|a Morgadinho dos Santos Coelho, Nuno Manuel
|
| 700 |
1 |
|
|a Batista Longo, Layni
|
| 700 |
1 |
|
|a de Carvalho A. Lopes, Gabriela
|
| 740 |
0 |
|
|a vLex Libros (Servicio en ln̕ea)
|
| 856 |
4 |
0 |
|u Acceso restringido
|z Acceso restringido
|
| 942 |
|
|
|c BOOK
|
| 999 |
0 |
|
|a Civil Law
|
| 999 |
0 |
|
|a Person
|